000 00559nam a2200193Ia 4500
005 20260120124437.0
008 008 260114s9999 xx 000 0 eng d
020 _a9781839821714
037 _aEBOOK
040 _aCRL
_beng
_cCRL
041 _aeng
_2eng
084 _qCRL
100 _aBarret Katuna
_9906494
245 2 _aA Brief History of Credit in UK Higher Education
260 _bEmerald Publishing
_c2020
856 _uhttps://www.emerald.com/insight/publication/doi/10.1108/9781839821684
942 _cEBOOK
999 _c1498180
_d1498180